[Event "Nutcracker Rapid Youth"]
[Site "Moscow RUS"]
[Date "2018.12.22"]
[Round "6.2"]
[White "Bulatova, Kamaliya"]
[Black "Makoveev, Ilya"]
[Result "0-1"]
[WhiteTitle "WFM"]
[BlackTitle "FM"]
[WhiteElo "2007"]
[BlackElo "2257"]
[WhiteTeam "Girls"]
[BlackTeam "Boys"]
[WhiteFideId "34111546"]
[BlackFideId "34155748"]
[EventDate "2018.12.21"]

1. d4 Nf6 2. c4 e6 3. Nc3 Bb4 4. e3 O-O 5. Bd3 c5 6. Nf3 d5 7. O-O Nc6 8. cxd5
exd5 9. dxc5 Bxc5 10. h3 Qe7 11. a3 Be6 12. b4 Bd6 13. Nb5 Bb8 14. Bb2 Ne4 15.
Nbd4 Nxd4 16. Nxd4 Qd6 17. f4 Bd7 18. Nf3 Ng3 19. Re1 a5 20. bxa5 Ba7 21. Be5
Qh6 22. Kh2 Nh5 23. Ng5 f6 24. Bb5 Bxb5 25. Qxd5+ Kh8 26. Nf7+ Rxf7 27. Qxf7
fxe5 28. Rac1 Bc6 29. a6 bxa6 30. Qc7 Bd5 31. Qxe5 Bg8 32. Qe4 Rf8 33. Rc6 Nf6
34. Qe7 Ng4+ 35. Kg3 Qxc6 36. hxg4 Bc5 37. Qg5 h6 38. Qe5 Bd6 39. Qd4 Bxa3 40.
e4 Bc5 41. Qc3 Bf2+ 0-1

[Event "Nutcracker Rapid Youth"]
[Site "Moscow RUS"]
[Date "2018.12.22"]
[Round "6.3"]
[White "Safin, Robert"]
[Black "Obolentseva, Alexandra"]
[Result "1/2-1/2"]
[BlackTitle "WGM"]
[WhiteElo "2121"]
[BlackElo "2353"]
[WhiteTeam "Boys"]
[BlackTeam "Girls"]
[WhiteFideId "34189120"]
[BlackFideId "24153648"]
[EventDate "2018.12.21"]

1. d4 Nf6 2. c4 g6 3. Nf3 Bg7 4. g3 c5 5. d5 d6 6. Bg2 O-O 7. O-O a6 8. Nc3 b5
9. cxb5 axb5 10. Nxb5 Na6 11. Nc3 e6 12. dxe6 fxe6 13. e4 Ne8 14. Bf4 Nac7 15.
Qd2 Bb7 16. Rfe1 Ra6 17. Rad1 Qa8 18. Nh4 Rf7 19. Re2 Bd4 20. b3 Bxc3 21. Qxc3
Rxa2 22. Rxa2 Qxa2 23. Ra1 Nb5 24. Rxa2 Nxc3 25. Rd2 e5 26. Be3 Nxe4 27. Rc2
N4f6 28. Bf1 Bd5 29. Bc4 Nc7 30. Rd2 Bxc4 31. bxc4 Rd7 32. Nf3 Ne6 33. Ra2 Nd4
34. Kg2 Ng4 35. h3 Nxe3+ 36. fxe3 Nxf3 37. Kxf3 Kf7 38. Ke4 Ke6 39. Ra8 Re7 40.
Rf8 Kd7 41. Ra8 Ke6 42. Rf8 Rb7 43. Re8+ Kf6 44. Rf8+ Kg5 45. Rf2 Rb4 46. Rc2 h5
47. Rc3 h4 48. gxh4+ Kxh4 49. Kd5 Rb6 50. e4 g5 51. Ke6 g4 52. hxg4 Kxg4 53. Kd5
Kf4 54. Rc1 Ra6 55. Rc3 Ra8 56. Rc1 Ra6 57. Rc3 Ra1 58. Kxd6 Kxe4 59. Kxc5 Ra8
60. Kb6 Kd4 61. Rc1 Rb8+ 62. Kc7 1/2-1/2

[Event "Nutcracker Rapid Youth"]
[Site "Moscow RUS"]
[Date "2018.12.22"]
[Round "6.4"]
[White "Grebnev, Aleksey"]
[Black "Dimitrova, Aleksandra"]
[Result "1/2-1/2"]
[BlackTitle "WIM"]
[WhiteElo "2040"]
[BlackElo "2233"]
[WhiteTeam "Boys"]
[BlackTeam "Girls"]
[WhiteFideId "34189030"]
[BlackFideId "24173371"]
[EventDate "2018.12.21"]

1. e4 c5 2. Nf3 e6 3. d4 cxd4 4. Nxd4 a6 5. Nc3 b5 6. Be3 d6 7. Qd2 Nf6 8. f3 b4
9. Nce2 d5 10. e5 Nfd7 11. f4 Nc5 12. Ng3 Nbd7 13. Be2 g6 14. O-O a5 15. Bf3 Ba6
16. Rfe1 Qc7 17. Qf2 Be7 18. Nf1 Rc8 19. Qg3 Nb6 20. Nd2 Nba4 21. Rab1 Qd8 22.
Bf2 Nb6 23. Rbd1 Qc7 24. Qh3 Nc4 25. Nxc4 Bxc4 26. Bh4 Bxh4 27. Qxh4 Qe7 28. Qf2
h5 29. g3 Kf8 30. h3 Kg7 31. Kh2 a4 32. b3 Ba6 33. Qd2 Nd7 34. f5 gxf5 35. Bxd5
Rc3 36. Bg2 h4 37. g4 fxg4 38. hxg4 h3 39. Bf3 Nf8 40. Re3 Qh4 41. Rxc3 bxc3 42.
Qe3 Ng6 43. b4 Bc4 44. b5 Rb8 45. b6 Rxb6 46. Nf5+ exf5 47. Qxb6 fxg4 48. Qf6+
Qxf6 49. exf6+ Kxf6 50. Bxg4 Bxa2 51. Ra1 Bb3 52. Bd1 Be6 53. Rxa4 Ke5 54. Be2
Nf4 55. Bf1 Bf5 1/2-1/2

[Event "Nutcracker Rapid Youth"]
[Site "Moscow RUS"]
[Date "2018.12.22"]
[Round "7.1"]
[White "Murzin, Volodar"]
[Black "Dimitrova, Aleksandra"]
[Result "1-0"]
[WhiteTitle "FM"]
[BlackTitle "WIM"]
[WhiteElo "2336"]
[BlackElo "2233"]
[WhiteTeam "Boys"]
[BlackTeam "Girls"]
[WhiteFideId "44155573"]
[BlackFideId "24173371"]
[EventDate "2018.12.21"]

1. e4 c5 2. Nf3 e6 3. g3 Nc6 4. Bg2 Nf6 5. Qe2 e5 6. O-O Be7 7. d3 O-O 8. Na3
Re8 9. Nc4 Bf8 10. a4 d6 11. Bg5 h6 12. Bxf6 Qxf6 13. c3 Be6 14. Ne3 Qd8 15. Nd2
Ne7 16. f4 exf4 17. gxf4 f5 18. Qf3 Rb8 19. Rae1 Qd7 20. a5 b6 21. axb6 Rxb6 22.
Ndc4 Rbb8 23. Re2 Kh7 24. Rfe1 Ng6 25. Nxf5 Bxf5 26. exf5 Nh4 27. Qg4 Rxe2 28.
Rxe2 Nxf5 29. Be4 g6 30. Ne3 d5 31. Nxd5 Qf7 32. Rg2 Bd6 33. h4 h5 34. Qh3 Rf8
35. Rg5 Be7 36. Nxe7 Qxe7 37. Bxf5 Qe1+ 38. Qf1 Qe3+ 39. Qf2 Qc1+ 40. Kg2 Rxf5
41. Rxf5 gxf5 42. Qxc5 Qxb2+ 43. Kg3 Qa1 44. Qxf5+ Kg8 45. Qxh5 Qg1+ 46. Kh3
Qh1+ 47. Kg4 Qg2+ 48. Kf5 Qd5+ 49. Kg6 Qxd3+ 50. f5 Qd6+ 51. f6 Qg3+ 52. Qg5
Qd3+ 53. Kh6+ Kf7 54. Qg7+ Ke6 55. Qe7+ 1-0

[Event "Nutcracker Rapid Youth"]
[Site "Moscow RUS"]
[Date "2018.12.22"]
[Round "7.2"]
[White "Makoveev, Ilya"]
[Black "Goltseva, Ekaterina"]
[Result "1-0"]
[WhiteTitle "FM"]
[BlackTitle "WFM"]
[WhiteElo "2257"]
[BlackElo "2153"]
[WhiteTeam "Boys"]
[BlackTeam "Girls"]
[WhiteFideId "34155748"]
[BlackFideId "24173770"]
[EventDate "2018.12.21"]

1. e4 e5 2. Nf3 Nc6 3. Bc4 Nf6 4. d3 Be7 5. O-O O-O 6. h3 d6 7. c3 Na5 8. Bb5 a6
9. Ba4 b5 10. Bc2 c5 11. Nbd2 Nc6 12. Re1 Qc7 13. Nf1 d5 14. exd5 Nxd5 15. Ng3
Be6 16. Ne4 h6 17. a4 Rad8 18. Qe2 Rfe8 19. Be3 Nf4 20. Qf1 c4 21. d4 exd4 22.
Nxd4 Nxd4 23. Bxd4 b4 24. Rad1 b3 25. Bb1 Qc6 26. a5 Rd5 27. Ng3 Rxa5 28. Re4
Ng6 29. Rde1 Rd8 30. Rxe6 fxe6 31. Bxg6 Bf6 32. Be4 Qc7 33. Bxf6 gxf6 34. Qe2
Qf4 35. Qxc4 Kg7 36. Qxe6 Re5 37. Nf5+ Qxf5 38. Bxf5 Rxe6 39. Bxe6 Rd2 40. Rb1 1-0

[Event "Nutcracker Rapid Youth"]
[Site "Moscow RUS"]
[Date "2018.12.22"]
[Round "7.3"]
[White "Bulatova, Kamaliya"]
[Black "Safin, Robert"]
[Result "0-1"]
[WhiteTitle "WFM"]
[WhiteElo "2007"]
[BlackElo "2121"]
[WhiteTeam "Girls"]
[BlackTeam "Boys"]
[WhiteFideId "34111546"]
[BlackFideId "34189120"]
[EventDate "2018.12.21"]

1. d4 Nf6 2. c4 g6 3. Nc3 Bg7 4. e4 d6 5. Be2 O-O 6. Be3 e5 7. d5 c6 8. g4 cxd5
9. cxd5 Nfd7 10. h4 f5 11. gxf5 gxf5 12. Bg5 Nf6 13. Qd2 Na6 14. Bxa6 bxa6 15.
h5 Rf7 16. Nge2 f4 17. h6 Bf8 18. O-O-O Be7 19. Rdg1 Kh8 20. f3 Ng8 21. Bxe7
Nxe7 22. Nd4 Ng6 23. Nc6 Qc7 24. Kb1 Bd7 25. Nb4 Qb6 26. Nd3 a5 27. Rg5 a4 28.
Rhg1 a3 29. Ne2 Bb5 30. b3 Qe3 31. Rd1 Qxf3 32. Nec1 Qxe4 33. Qc3 f3 34. Ka1 Qh4
35. Rgg1 Qf6 36. Nf2 Qh4 37. Qe3 Rc8 38. Rg4 Qd8 39. Ncd3 Rc2 40. Qe4 Qc8 41.
Rgg1 Qc3+ 42. Kb1 Rb2+ 43. Ka1 Rxb3+ 0-1

[Event "Nutcracker Rapid Youth"]
[Site "Moscow RUS"]
[Date "2018.12.22"]
[Round "7.4"]
[White "Obolentseva, Alexandra"]
[Black "Grebnev, Aleksey"]
[Result "1/2-1/2"]
[WhiteTitle "WGM"]
[WhiteElo "2353"]
[BlackElo "2040"]
[WhiteTeam "Girls"]
[BlackTeam "Boys"]
[WhiteFideId "24153648"]
[BlackFideId "34189030"]
[EventDate "2018.12.21"]

1. d4 Nf6 2. c4 g6 3. Nc3 Bg7 4. e4 d6 5. Nf3 O-O 6. Be2 Nbd7 7. O-O e5 8. Be3
c6 9. d5 c5 10. a3 Ne8 11. b4 b6 12. Qc1 f5 13. Ng5 Nc7 14. Nb5 Nf6 15. Nxc7
Qxc7 16. exf5 gxf5 17. f4 e4 18. Ra2 h6 19. Nh3 Bd7 20. Nf2 Kh7 21. Kh1 cxb4 22.
axb4 b5 23. Rc2 Qb7 24. Qd2 bxc4 25. Bxc4 Bb5 26. Bxb5 Qxb5 27. Rd1 Rfc8 28.
Rxc8 Rxc8 29. h3 Rc4 30. g4 Qxb4 31. Qxb4 Rxb4 32. Bxa7 Kg6 33. Kg2 Rb5 34. Bd4
Nxd5 35. gxf5+ Kxf5 36. Bxg7 Ne3+ 37. Kg3 Nxd1 38. Nxd1 Rb3+ 39. Kf2 Rxh3 40.
Bf8 Rd3 41. Ne3+ Kxf4 42. Bxh6+ Ke5 43. Ke2 d5 44. Bg7+ Ke6 45. Nc2 Kd6 46. Bf8+
Kc7 47. Nb4 Rf3 48. Nxd5+ Kc6 49. Ne7+ Kd7 50. Ng6 Rf6 51. Ne5+ Ke6 52. Bg7 Kxe5
53. Ke3 Ke6 54. Bxf6 Kxf6 55. Kxe4 1/2-1/2

[Event "Nutcracker Rapid Youth"]
[Site "Moscow RUS"]
[Date "2018.12.22"]
[Round "8.1"]
[White "Obolentseva, Alexandra"]
[Black "Murzin, Volodar"]
[Result "0-1"]
[WhiteTitle "WGM"]
[BlackTitle "FM"]
[WhiteElo "2353"]
[BlackElo "2336"]
[WhiteTeam "Girls"]
[BlackTeam "Boys"]
[WhiteFideId "24153648"]
[BlackFideId "44155573"]
[EventDate "2018.12.21"]

1. d4 Nf6 2. c4 g6 3. Nc3 Bg7 4. e4 O-O 5. Nf3 d6 6. Be2 e5 7. O-O Nc6 8. d5 Ne7
9. b4 Nh5 10. Re1 Nf4 11. Bf1 a5 12. bxa5 Rxa5 13. a4 b6 14. Bd2 Bd7 15. Nb5 Ra8
16. a5 bxa5 17. Bxa5 Bxb5 18. cxb5 Qd7 19. Qc2 Ra7 20. Nd2 f5 21. f3 fxe4 22.
fxe4 Bh6 23. Qc3 Nc8 24. Nc4 Qf7 25. Kh1 Qd7 26. Qb3 Rb7 27. Rab1 Bg5 28. Bc3
Qg7 29. g3 Nh5 30. Bh3 Qh6 31. Kg2 Nb6 32. Na5 Rbb8 33. Nc6 Ra8 34. Rf1 Bd2 35.
Bxe5 dxe5 36. Nxe5 Qe3 37. Rxf8+ Rxf8 38. Qxe3 Bxe3 39. Ng4 Bg5 40. Nf2 Ng7 41.
Ra1 Nc4 42. Ra7 Rxf2+ 43. Kxf2 Be3+ 44. Ke2 Bxa7 0-1

[Event "Nutcracker Rapid Youth"]
[Site "Moscow RUS"]
[Date "2018.12.22"]
[Round "8.2"]
[White "Dimitrova, Aleksandra"]
[Black "Makoveev, Ilya"]
[Result "1/2-1/2"]
[WhiteTitle "WIM"]
[BlackTitle "FM"]
[WhiteElo "2233"]
[BlackElo "2257"]
[WhiteTeam "Girls"]
[BlackTeam "Boys"]
[WhiteFideId "24173371"]
[BlackFideId "34155748"]
[EventDate "2018.12.21"]

1. e4 c5 2. Nf3 d6 3. d4 cxd4 4. Nxd4 Nf6 5. Nc3 a6 6. Nb3 b5 7. a4 b4 8. Nd5
Nbd7 9. Nxb4 Bb7 10. f3 e6 11. Nd3 Qc7 12. Be3 d5 13. exd5 Nxd5 14. Bf2 Bd6 15.
Be2 Bxh2 16. c4 N5f6 17. Nbc5 Nxc5 18. Nxc5 Bg3 19. Nxb7 Bxf2+ 20. Kxf2 Qxb7 21.
Qd6 Rd8 22. Qc5 Rc8 23. Qa3 Qb6+ 24. Kf1 a5 25. Rd1 Nd7 26. Rh5 Nc5 27. Rb1 O-O
28. b4 g6 29. Re5 f6 30. Re3 1/2-1/2

[Event "Nutcracker Rapid Youth"]
[Site "Moscow RUS"]
[Date "2018.12.22"]
[Round "8.3"]
[White "Safin, Robert"]
[Black "Goltseva, Ekaterina"]
[Result "1-0"]
[BlackTitle "WFM"]
[WhiteElo "2121"]
[BlackElo "2153"]
[WhiteTeam "Boys"]
[BlackTeam "Girls"]
[WhiteFideId "34189120"]
[BlackFideId "24173770"]
[EventDate "2018.12.21"]

1. d4 Nf6 2. c4 e6 3. g3 d5 4. Nf3 Bb4+ 5. Bd2 Be7 6. Bg2 O-O 7. O-O Nbd7 8. Qc2
c6 9. Bf4 Ne4 10. cxd5 exd5 11. Nc3 Ndf6 12. Rac1 h6 13. a3 Bd6 14. Bxd6 Nxd6
15. b4 Bf5 16. Qb3 b5 17. Ne5 Rc8 18. Rfd1 Qb6 19. e3 Nc4 20. e4 Be6 21. Nxc4
bxc4 22. Qc2 dxe4 23. Nxe4 Nxe4 24. Bxe4 Rcd8 25. Qc3 Rd6 26. Rd2 Bd5 27. Bb1
Rf6 28. Re2 Rd8 29. Re3 Be6 30. Rd1 Qa6 31. Ba2 Bd5 32. Rc1 Qb6 33. Bxc4 Bxc4
34. Qxc4 Rxd4 35. Qc2 g6 36. Qc3 Qd8 37. Rce1 Qd6 38. Re8+ Kg7 39. R8e3 Qd5 40.
Re8 Qd6 41. Rc8 Rd3 42. Qc1 Qd4 43. Rf1 Rd2 44. Qe1 Qd3 45. Qe8 Qxf1+ 46. Kxf1
Rfxf2+ 47. Ke1 1-0

[Event "Nutcracker Rapid Youth"]
[Site "Moscow RUS"]
[Date "2018.12.22"]
[Round "8.4"]
[White "Grebnev, Aleksey"]
[Black "Bulatova, Kamaliya"]
[Result "1-0"]
[BlackTitle "WFM"]
[WhiteElo "2040"]
[BlackElo "2007"]
[WhiteTeam "Boys"]
[BlackTeam "Girls"]
[WhiteFideId "34189030"]
[BlackFideId "34111546"]
[EventDate "2018.12.21"]

1. e4 c5 2. Nf3 d6 3. d4 cxd4 4. Nxd4 Nf6 5. Nc3 a6 6. h3 e5 7. Nde2 b5 8. g3
Nbd7 9. Bg2 b4 10. Nd5 Nxd5 11. exd5 Bb7 12. O-O Be7 13. a3 bxa3 14. Rxa3 O-O
15. Be3 Rc8 16. b3 Bg5 17. Bxg5 Qxg5 18. c4 f5 19. Nc3 e4 20. Ne2 Nc5 21. Nf4
Qf6 22. h4 Rfe8 23. Re1 g6 24. b4 Qb2 25. Qa1 Qxb4 26. Rb1 Qxc4 27. Rc3 Qd4 28.
Bf1 Qg7 29. Qa3 Rb8 30. Ne6 Nxe6 31. dxe6 Qe5 32. Rcb3 e3 33. Rxb7 Rxb7 34. Rxb7
e2 35. Bxe2 Qxe2 36. Qc3 Qe5 37. Qc7 Qe1+ 38. Kg2 Qe4+ 39. Kh2 Qxb7 40. Qxb7
Rxe6 41. Qxa6 Kf7 42. Qb7+ Re7 43. Qd5+ Re6 44. Kg2 h5 45. Kf3 Kf6 46. Qd4+ Kf7
47. Qh8 Re8 48. Qh7+ Kf6 49. Qd7 Re6 50. Qd8+ Kf7 51. Kf4 Re4+ 52. Kg5 Rg4+ 53.
Kh6 Ke6 54. Qe8+ Kd5 55. Qe1 f4 56. gxf4 Rxf4 57. Kxg6 Rxh4 58. Kg5 Re4 59. Qd1+
Ke6 60. f4 d5 61. Qxh5 Kd6 62. Qf3 Re8 63. f5 Rg8+ 64. Kf6 d4 65. Kf7 Rc8 66. f6
Ke5 67. Kg7 Rc3 68. Qh5+ Ke4 69. Qg6+ Kf4 70. f7 Rc7 71. Qd6+ 1-0